[Event "San Sebastian Gros op 26th"]
[Site "San Sebastian"]
[Date "2016.06.26"]
[Round "3"]
[White "Roeder, Mathias"]
[Black "Mathieu, Jean"]
[Result "1-0"]
[WhiteElo "2385"]
[BlackElo "1713"]
[PlyCount "59"]
[EventDate "2016.06.24"]
[EventType "swiss"]
[EventRounds "9"]
[EventCountry "ESP"]
[SourceTitle "EXT 2017"]
[Source "ChessBase"]
[SourceDate "2016.10.25"]
[SourceVersion "1"]
[SourceVersionDate "2016.10.25"]
[SourceQuality "1"]

1. Nf3 Nc6 2. d4 d5 3. Bf4 Nf6 4. e3 Bg4 5. Be2 e6 6. Nbd2 Bxf3 7. Nxf3 Ne4 8. Nd2 g5 9. Bg3 Nxd2 10. Qxd2 h5 11. h4 g4 12. Bb5 Bd6 13. Bxc6+ bxc6 14. Qc3 Qd7 15. Bf4 Bxf4 16. exf4 Rb8 17. 0-0 0-0 18. g3 Rb6 19. Rfe1 f6 20. Re2 Rfb8 21. b3 Re8 22. Rae1 Rbb8 23. Re3 Re7 24. Qc5 Rb6 25. f5 e5 26. dxe5 d4 27. Re4 Rb5 28. Qc4+ Qd5 29. Rxd4 Qxc4 30. Rxc4 1-0